50 Hip Hop Albuns - Statistics

General Stats
  • This quiz has been taken 46 times
  • The average score is 19 of 50
Answer Stats
Artist (Year of Release) Name of the Album % Correct
Nas (1994) Illmatic
90%
Biggie Smalls (1994) Ready to Die
83%
Wu-Tang Clan (1993) Enter the Wu-Tang
79%
Dr. Dre (1992) The Chronic
69%
Eminem (2002) The Eminem Show
69%
Eminem (2001) The Marshall Mathers LP
69%
Madvillain (2004) Madvillainy
64%
Snoop Dogg (1993) Doggystyle
62%
N.W.A (1988) Straight Outta Compton
62%
Eminem (1999) The Slim Shady LP
62%
MF DOOM (2004) MM FOOD
60%
A Tribe Called Quest (1991) The Low End Theory
57%
Tupac (1996) All Eyez on Me
55%
Mobb Deep (1995) The Infamous
55%
Wu-Tang Clan (2000) The W
55%
Outkast (1998) Aquemini
52%
Gza (1995) Liquid Swords
52%
Jay-Z (1996) Reasonable Doubt
52%
Mos Def (1999) Black on Both Sides
48%
Ice Cube (1990) AmeriKKKa's Most Wanted
45%
MF DOOM (1999) Operation : Doomsday
43%
Wu-Tang Clan (1997) Wu-Tang Forever
43%
Mos Def & Talib Kweli (1998) Black Star
40%
Ghostface Killah (1996) Ironman
40%
Nas (1997) It Was Written
40%
A Tribe Called Quest (1993) Midnight Marauders
40%
Raekwon (1995) Only Built 4 Cuban Linx
40%
Fugees (1996) The Score
40%
Ghostface Killah (2000) Supreme Clientele
38%
Big Pun (1998) Capital Punishment
36%
Public Enemy (1988) It Takes A Nation of Millions to HoldUs Back
33%
Viktor Vaughn (2003) Vaudeville Villain
33%
Big L (1995) Lifestylez ov da Poor & Dangerous
26%
Method Man & Redman (1999) Blackout!
17%
Redman (1996) Muddy Waters
17%
Big L (2000) The Big Picture
17%
Run - D.M.C. (1986) Raising Hell
14%
Outkast (1994) Southernplayalisticadillacmuzik
14%
Slick Rick (1988) The Great Adventures of Slick Rick
14%
Eric B. & Rakim (1986) Follow the Leader
12%
Gang Starr (1994) Hard to Earn
12%
Onyx (1993) Bacdafucup
10%
Big Daddy Kane (1988) Long Live the Kane
10%
Scarface (1991) Mr. Scarface is Back
10%
Makaveli (1996) The Don Killuminati : The 7 Day Theory
10%
Pete Rock & CL Smooth (1994) The Main Ingredient
7%
Xzibit (2000) Restless
5%
KRS-One (1993) Return of the Boom Bap
5%
Xzibit (1999) 40 Dayz & 40 Nightz
2%
Kool G Rap (1989) Road To The Riches
2%
No matching quizzes found
Score Distribution
Percent of People with Each Score
Percentile by Number Answered
Your Score History
You have not taken this quiz